Valoración cualitativa del capital humano en la universidad pública / (Registro nro. 11792)

Detalles MARC
000 -LEADER
fixed length control field 00965nam a2200253Ia 4500
003 - CONTROL NUMBER IDENTIFIER
control field OSt
005 - DATE AND TIME OF LATEST TRANSACTION
control field 20210525174420.0
008 - FIXED-LENGTH DATA ELEMENTS--GENERAL INFORMATION
fixed length control field 210310s2013 ck ad gr 000 0 spa d
020 ## - INTERNATIONAL STANDARD BOOK NUMBER
International Standard Book Number 9789588489360
040 ## - CATALOGING SOURCE
Original cataloging agency CO-JMCR
Transcribing agency CO-JMCR
041 0# - LANGUAGE CODE
Language code of text/sound track or separate title spa
082 04 - DEWEY DECIMAL CLASSIFICATION NUMBER
Classification number 331.11 /
Item number O773v
Edition number 23
100 1# - MAIN ENTRY--PERSONAL NAME
Personal name Ortiz Mendes, Pedro,
Relator term autor
9 (RLIN) 26462
245 10 - TITLE STATEMENT
Title Valoración cualitativa del capital humano en la universidad pública /
Statement of responsibility, etc. Pedro Ortiz Méndez
250 ## - EDITION STATEMENT
Edition statement Primera edición
260 ## - PUBLICATION, DISTRIBUTION, ETC.
Place of publication, distribution, etc. Colombia :
Name of publisher, distributor, etc. Eco ediciones,
Date of publication, distribution, etc. 2013.
300 ## - PHYSICAL DESCRIPTION
Extent 115 páginas :
Other physical details ilustraciones y gráficas en blanco y negro ;
Dimensions 23 cm.
500 ## - GENERAL NOTE
General note Datos biográficos del autor en solapa frontal.
504 ## - BIBLIOGRAPHY, ETC. NOTE
Bibliography, etc. note Bibliografía : páginas109-112.
505 0# - FORMATTED CONTENTS NOTE
Formatted contents note La situación. -- Los marcos referenciales.-- Marco metodológico. -- Hallazgos de la investigación.
650 14 - SUBJECT ADDED ENTRY--TOPICAL TERM
Topical term or geographic name entry element Capital humano en la universidad
9 (RLIN) 37884
650 24 - SUBJECT ADDED ENTRY--TOPICAL TERM
Topical term or geographic name entry element Marcos referenciales
9 (RLIN) 37885
942 ## - ADDED ENTRY ELEMENTS (KOHA)
Source of classification or shelving scheme Dewey Decimal Classification
Koha item type Books
Existencias
Withdrawn status Lost status Source of classification or shelving scheme Damaged status Not for loan Home library Current library Shelving location Date acquired Source of acquisition Full call number Barcode Date last seen Copy number Price effective from Koha item type
    Dewey Decimal Classification     Biblioteca Pública José María del Castillo y Rada Biblioteca Pública José María del Castillo y Rada General Stacks 04/15/2018 Donación 331.11 / O773v 430002754 05/16/2024 Ej.1 03/10/2021 Books